000 01248nam a2200301 i 4500
003 EG-GICUC
005 20260121101225.0
008 251116s1998 ua ||||f |||| 00| 0 ara d
040 _a EG-GICUC
_bara
_c EG-GICUC
_d EG-GICUC
_erda
041 _aara
082 0 4 _221
_a345
_bا ل . م
092 0 4 _221
099 _aLaw1 07 345 ا ل . م 1998
100 0 _aالسيد حلمي الوزان
_eمؤلف.
245 _aالمسارات الوظيفية للشرطة المصرية :
_bدراسة تطبيقية علي فئة الأفراد بهيئة الشرطة /
_cدكتور السيد حلمي الوزان
264 _a[مكان النشر غير معروف]
_b[اسم الناشر غير معروف]
_c1998.
300 _a118صفحة
_c24 سم
336 _2rda content
_atext
337 _2rda media
_aComputer
338 _2rda carrier
_aOnline Resource
500 _aيشتمل علي ارجاعات ببليوجرافية
546 _aالنص أغلبه باللغة العربية بعض النصوص الإنجليزية والفرنسية
650 1 _aالقانون الإداري
_2qrmak
651 1 _2qrmak
856 4 0 _uhttps://fll.law.cu.edu.eg/fulltext/bks/B07-00973.pdf
905 _a74
942 _2ddc
_n0
_cBK
_e21
999 _c43485
_d43485